000 01275nam a2200337 a 4500
001 000012988
003 DO-SdBPM
005 20251105114553.0
007 ta
008 091118s2012 pa 000 f spa d
020 _a992598611
040 _aDO-SdBPM
_bspa
_cBPMSU
_erda
082 4 _aPa863.3
_bC334g 2012
_222
092 _b
100 1 _aCasaccia, Gabriel
_d1907-1980
_eautor
245 1 3 _a El guajhú y otros cuentos /
_c Gabriel Casaccia
264 _aAsunción, Paraguay :
_b AGR, Servicios Gráficos,
_c2012
300 _a102 páginas ;
_c23 cm.
336 _atexto
_btxt
_2rdacontent
337 _asin mediación
_bn
_2rdamedia
338 _avolumen
_bnc
_2rdacarrier
490 0 _a Biblioteca popular de autores paraguayos ;
_aHacia un país de lectores,
_v 5
500 _aIncluye datos biográficos del autor en la contracubierta
505 0 _aIntroducción 9 -- El guajhú 15 -- El viático 27 -- La calesita de Ferreyra 35 -- El mayor 47 -- el tropiezo de Felipa 59 -- El novio de Micaela 69 -- El hombre de las tres A 85 -- Guía de trabajo 103.
586 _a
590 _aInventariado, 2025/VM
650 7 _aCuentos paraguayos
650 7 _aLiteratura paraguaya
_y
910 _aVMateo V. Control de calidad. BPMSU
942 _2ddc
_cBK
999 _c15492
_d15492